000 00359 a2200169 4500
001 72988
020 _a8500011246
040 _cAnchieta - Colégio São Paulo
100 _aTourinho, Lafayette
240 1 0 _aHistória
_lpor
245 1 0 _aHistória
300 _a320
362 0 _a2002
440 1 _aEdiouro
650 4 _aHistória do mundo
942 _cBK
999 _c72988
_d72988